00417 a2200145 4500010001400000020002300014035001300037037001600050082001600066100002400082245005000106260003900156270005300195300002300248 aENG-89116 a8189681109c300.00 aEN-72649 bDBAD / PUB14a372.65210441 aPaliwal, Anil Kumar1 aHow to teach english /cby Anil Kumar Paliwal aJaipurbKalpana Publicationsc2007 aAbove Shop No. 157, Chandpole Bazar,bJaipur - 1 a250p.c22cm (Hb )